书目信息 |
| 题名: |
规范性文件起草
|
|
| 作者: | 周旺生 著 | |
| 分册: | ||
| 出版信息: | 北京 中国民主法制出版社 1998.11 |
|
| 页数: | 654页 | |
| 开本: | 32开 | |
| 丛书名: | ||
| 单 册: | ||
| 中图分类: | C931.46 | |
| 科图分类: | ||
| 主题词: | 管理--技术 , 管理--方法 | |
| 电子资源: | ||
| ISBN: | 7-80078-346-4 | |
| 000 | 00581nam0 2200205 45 | |
| 001 | 0001031089 | |
| 005 | 20000103105313.9 | |
| 010 | @a7-80078-346-4@d43.00元 | |
| 100 | @a20000103d1998 km y0chiy0120 ea | |
| 101 | @achi | |
| 105 | @a z 000yy | |
| 200 | 1 | @a规范性文件起草@AGui Fan Xing Wen Jian Qi Cao@f周旺生著@FZhou Wang Sheng Zhu |
| 210 | @a北京@c中国民主法制出版社@d1998.11 | |
| 215 | @a654页@d32开 | |
| 606 | 0 | @a管理@x技术 |
| 606 | 0 | @a管理@x方法 |
| 690 | @aC931.46@v3 | |
| 701 | @a周旺生@4著 | |
| 801 | @aCN@bPftUser@c20000103 | |
| 905 | @f2@b48405-406@dC931.46@eZH797 | |
| 规范性文件起草/周旺生著.-北京:中国民主法制出版社,1998.11 |
| 654页;32开 |
| ISBN 7-80078-346-4:43.00元 |
| ● |
| 相关链接 |
|
|
|
正题名:规范性文件起草
索取号:C931.46/ZH797
 
预约/预借
| 序号 | 登录号 | 条形码 | 馆藏地/架位号 | 状态 | 备注 |
| 1 | 48405 | 200484056 | 社科库509/509社科库 64排8列5层/ [索取号:C931.46/ZH797] | 在馆 | |
| 2 | 48406 | 200484065 | 社科库509/509社科库 64排8列5层/ [索取号:C931.46/ZH797] | 在馆 |